| 000 | 01112naa a22002897a 4500 | ||
|---|---|---|---|
| 001 | BR8104372 | ||
| 003 | BR-BrBNA | ||
| 005 | 20240918174754.0 | ||
| 007 | ta | ||
| 008 | 230509b bl.||||| |||| 00| 0 por d | ||
| 040 |
_aBR-BrBNA _bpor _cBiblioteca Nacional de Agricultura |
||
| 041 | _a(Pt) | ||
| 072 |
_aH10; P05 _b2120 _b4010 |
||
| 090 | _aH10 BR8104372 | ||
| 100 | 1 | _aGuimaraes, P.M. | |
| 111 | 1 |
_aSimposio - Economia de Energia na Cafeicultura _cSao Lourenco, MG (Brazil) _dOct 1981 |
|
| 245 | 1 | _aElementos para economia de combustivel no controle as pragas do cafeeiro | |
| 260 | 3 |
_aRio de Janeiro, RJ (Brasil): _c1981. |
|
| 500 | _aEconomia de energia na cafeicultura Rio de Janeiro, RJ (Brasil): 1981. p. 13-15 (BR8104372-AM)H10 A monografia está disponível na(o)*Instituto Brasileiro do Cafe, Rio de Janeiro, RJ | ||
| 650 | _aCAFE | ||
| 650 | _aENERGIA | ||
| 650 | _aCOMBUSTIVEL | ||
| 650 | _aCONTROLE QUIMICO | ||
| 773 | 0 |
_tEconomia de energia na cafeicultura _wH10 BR8104372 _gRio de Janeiro, RJ (Brasil), 1981. p. 13-15 |
|
| 909 |
_a202404 _bLucia _c55 _dLucia Elande |
||
| 942 |
_cAM _2AGRIS |
||
| 999 |
_c313479 _d313479 |
||